Länder Europas Quiz - Blindes tippen - Statistiken

Allgemein
  • Dieses Quiz wurde 377 mal gespielt
  • Das Durchschnittsergebnis liegt bei 41 aus 45
Antwortstatistiken
Land % Korrekt
de Deutschland
97%
pt Portugal
95%
lv Lettland
94%
nl Niederlande
94%
pl Polen
94%
es Spanien
94%
be Belgien
93%
ee Estland
93%
fi Finnland
93%
fr Frankreich
93%
li Liechtenstein
93%
lt Litauen
93%
lu Luxemburg
93%
no Norwegen
93%
at Österreich
93%
se Schweden
93%
ch Schweiz
93%
dk Dänemark
92%
ie Irland
92%
it Italien
92%
sk Slowakei
92%
si Slowenien
92%
gb Vereinigtes Königreich
92%
al Albanien
91%
by Belarus
91%
gr Griechenland
91%
ro Rumänien
91%
cz Tschechien
91%
va Vatikanstadt
91%
ad Andorra
90%
ba Bosnien und Herzegowina
90%
hr Kroatien
90%
ru Russland
90%
ua Ukraine
90%
bg Bulgarien
89%
is Island
89%
mc Monaco
89%
rs Serbien
89%
xk Kosovo
88%
sm San Marino
88%
hu Ungarn
88%
mk Nordmazedonien
87%
md Moldawien
86%
mt Malta
85%
me Montenegro
84%
Keine übereinstimmenden Quizze gefunden
Verteilung der Resultate
Anzahl Personen mit jedem Resultat
Perzentil nach korrekt beantworteten Fragen
Ihre Resultats-Entwicklung
Sie haben dieses Quiz noch nicht gespielt